Heat transfer (Record no. 3641)

000 -LEADER
fixed length control field 00564nam a2200229 a 4500
001 - CONTROL NUMBER
control field 3641
003 - CONTROL NUMBER IDENTIFIER
control field BD-DhUET
008 - FIXED-LENGTH DATA ELEMENTS--GENERAL INFORMATION
fixed length control field 960506s1997 nyua b 001 0 eng
020 ## - INTERNATIONAL STANDARD BOOK NUMBER
International Standard Book Number 0071143203
020 ## - INTERNATIONAL STANDARD BOOK NUMBER
International Standard Book Number 0078447852
040 ## - CATALOGING SOURCE
Original cataloging agency DLC
Transcribing agency DLC
Modifying agency BD-DhUET
082 00 - DEWEY DECIMAL CLASSIFICATION NUMBER
Classification number 621.011
Item number HOL/1997
100 1# - MAIN ENTRY--PERSONAL NAME
Personal name Holman, J. P.
245 10 - TITLE STATEMENT
Title Heat transfer
250 ## - EDITION STATEMENT
Edition statement 8th ed.
260 ## - PUBLICATION, DISTRIBUTION, ETC. (IMPRINT)
Place of publication, distribution, etc. New York
Name of publisher, distributor, etc. McGraw-Hill
Date of publication, distribution, etc. 1997
300 ## - PHYSICAL DESCRIPTION
Extent xviii, 696 p.
Other physical details ill.
490 ## - SERIES STATEMENT
Series statement Schaum's outline series
504 ## - BIBLIOGRAPHY, ETC. NOTE
Bibliography, etc Includes bibliographies
650 #0 - SUBJECT ADDED ENTRY--TOPICAL TERM
Topical term or geographic name as entry element Heat transfer
942 ## - ADDED ENTRY ELEMENTS (KOHA)
Koha item type General Book
Holdings
Piece designation (barcode) Koha full call number Location (home branch) Shelving location Koha out on loan Date acquired Koha date last borrowed Koha item type Not for loan Koha issues (times borrowed) Price effective from Withdrawn status Copy number Damaged status Koha date last seen Lost status Source of classification or shelving scheme Sublocation or collection (holding branch) Koha normalized classification for sorting
92450621.011/HOL/1997Central Library, BUETCirculation section2025-05-112014-11-032025-04-27General Book 32014-11-03 1 2025-04-27  Central Library, BUET621_011000000000000_HOL_1997
92452621.011/HOL/1997Central Library, BUETCirculation section 2014-11-03 General Book  2014-11-03 2 2014-11-03  Central Library, BUET621_011000000000000_HOL_1997
92453621.011/HOL/1997Central Library, BUETCirculation section 2014-11-03 General Book  2014-11-03 3 2016-07-30  Central Library, BUET621_000000000000000_011HOL1997
92454621.011/HOL/1997Central Library, BUETCirculation section 2014-11-032022-01-09General Book 12014-11-03 4 2022-06-08  Central Library, BUET621_000000000000000_011HOL1997
92455621.011/HOL/1997Central Library, BUETCirculation section 2014-11-032024-10-02General Book 22014-11-03 5 2024-10-28  Central Library, BUET621_000000000000000_011HOL1997
92457621.011/HOL/1997Central Library, BUETCirculation section 2014-11-032023-12-10General Book 32014-11-03 6 2024-08-31  Central Library, BUET621_000000000000000_011HOL1997
92459621.011/HOL/1997Central Library, BUETCirculation section 2014-11-03 General Book  2014-11-03 7 2014-11-03  Central Library, BUET621_000000000000000_011HOL1997
92460621.011/HOL/1997Central Library, BUETCirculation section 2014-11-032024-03-12General Book 12014-11-03 8 2024-08-28  Central Library, BUET621_011000000000000_HOL_1997
92461621.011/HOL/1997Central Library, BUETCirculation section 2014-11-032024-04-08General Book 12014-11-03 9 2024-06-22  Central Library, BUET621_000000000000000_011HOL1997
92462621.011/HOL/1997Central Library, BUETCirculation section 2014-11-032024-12-10General Book 52014-11-03 10 2025-03-12  Central Library, BUET621_000000000000000_011HOL1997
92464621.011/HOL/1997Central Library, BUETCirculation section 2014-11-032015-03-04General Book 12014-11-03 11 2017-05-03  Central Library, BUET621_000000000000000_011HOL1997
92465621.011/HOL/1997Central Library, BUETCirculation section 2014-11-032019-06-17General Book 32014-11-03 12 2019-07-10  Central Library, BUET621_000000000000000_011HOL1997
92466621.011/HOL/1997Central Library, BUETCirculation section 2014-11-032022-05-24General Book 32014-11-03 13 2022-06-08  Central Library, BUET621_000000000000000_011HOL1997
92468621.011 HOL/1997Central Library, BUETCirculation section 2015-04-12 General Book  2015-04-12 14 2015-04-12  Central Library, BUET621_011000000000000_HOL_1997
92447621.011/HOL/1997Central Library, BUETReading section 2015-07-02 Reading Item  2015-07-02 15 2015-07-02  Central Library, BUET621_011000000000000_HOL_1997
92446621.011/HOL/1997Central Library, BUETReading section 2015-07-09 Reading Item  2015-07-09 16 2015-07-09  Central Library, BUET621_011000000000000_HOL_1997